[Event "Nordic Schools 2017"]
[Site "?"]
[Date "2017.09.23"]
[Round "1.3"]
[White "Stefansson, Vignir Vatnar"]
[Black "Davidsdottir, Nansy"]
[Result "1-0"]
[WhiteElo "2312"]
[BlackElo "1954"]

1.e4 c5 2.Nf3 e6 3.b3 Nf6 4.e5 Nd5 5.Bb2 Be7 6.c4 Nc7 7.Nc3 O-O 8.Ne4 d5 
9.exd6 Bxd6 10.Bd3 Be7 11.Qe2 Nc6 12.h4 f5 13.Nc3 Nd4 14.Nxd4 cxd4 15.Nb5 
Nxb5 16.cxb5 Qd6 17.Bc4 Kh8 18.a4 e5 19.d3 Qf6 20.O-O f4 21.Rfe1 Bb4 22.
Qxe5 Bxe1 23.Qxf6 Bxf2+ 24.Kxf2 gxf6 25.Bxd4 Bf5 26.Re1 b6 27.Bc3 Rad8 28.
Bb4 Rfe8 29.Be7 Rxe7 30.Rxe7 Rd7 31.Rxd7 Bxd7 32.Kf3 Kg7 33.Kxf4 h5 34.d4 
Bg4 35.Ke4 Kf8 36.Kd5 Ke7 37.Kc6 Kd8 38.Kb7 1-0

[Event "Nordic Schools 2017"]
[Site "?"]
[Date "2017.09.23"]
[Round "1.4"]
[White "Petersen, Albert Emil Lyng"]
[Black "Sjo, Simon"]
[Result "1-0"]
[WhiteElo "1668"]
[BlackElo "1375"]

1.e4 e5 2.Nf3 Nc6 3.Bc4 Nf6 4.d3 Bc5 5.Bg5 O-O 6.Nc3 d6 7.Nd5 Nb4 8.Nxf6+ 
gxf6 9.Bh6 Bg4 10.Bxf8 Qxf8 11.c3 Nc6 12.h3 Bh5 13.g4 Bg6 14.Nh4 Qh6 15.
Nxg6 hxg6 16.Qf3 Kg7 17.h4 Ne7 18.g5 fxg5 19.hxg5 Qxh1+ 20.Qxh1 c6 21.Qh6+
Kg8 22.Ke2 d5 23.Rh1 f6 24.gxf6 Kf7 25.Qg7+ Ke6 26.fxe7 Bxe7 27.Rh7 Re8 
28.exd5+ cxd5 29.Qxg6+ Kd7 30.Bb5+ Kc7 31.Qxe8 1-0

[Event "Nordic Schools 2017"]
[Site "?"]
[Date "2017.09.23"]
[Round "1.11"]
[White "Heidarsson, Arnar"]
[Black "Kjartansson, Kristofer Halldor"]
[Result "1-0"]
[WhiteElo "1480"]
[BlackElo "1297"]

1.d4 Nf6 2.c4 d6 3.Nc3 Bf5 4.g3 Qd7 5.Bg2 Nc6 6.e4 Bg6 7.Nge2 Qg4 8.O-O 
Nxe4 9.Nxe4 Bxe4 10.f3 Bxf3 11.Bxf3 Qg6 12.Qa4 d5 13.cxd5 1-0

[Event "Nordic Schools 2017"]
[Site "?"]
[Date "2017.09.23"]
[Round "1.12"]
[White "Gunnlaugsson, Arnor"]
[Black "Hakonarson, Sverrir"]
[Result "0-1"]
[WhiteElo "1191"]
[BlackElo "1487"]

1.e4 d5 2.exd5 Qxd5 3.Nc3 Qd6 4.Nf3 c6 5.d4 Nf6 6.Ne5 Nbd7 7.Nc4 Qc7 8.Be2
Nb6 9.O-O Bf5 10.Ne5 e6 11.Bf4 Nbd5 12.Nxd5 Nxd5 13.Bg3 Bd6 14.c4 Nf6 15.
c5 Bxe5 16.Bxe5 Qd8 17.Qb3 Qd7 18.Bxf6 gxf6 19.Rfe1 O-O-O 20.Rac1 Rhg8 21.
Rc4 Qd5 22.Bf3 Be4 23.Bxe4 Qxe4 24.g3 Qd5 25.Ra4 Qxb3 26.axb3 Kb8 27.Rea1 
a6 28.Rb4 Kc7 29.Raa4 h5 30.Kf1 h4 31.Rb6 hxg3 32.hxg3 f5 33.Rab4 Rb8 34.
Kg2 Rg4 35.Kf1 f4 36.gxf4 Rxf4 37.Ke2 Re4+ 38.Kf1 e5 39.f3 Rxd4 40.Rxd4 
exd4 41.Rb4 Rd8 42.Ke2 d3+ 43.Kd2 Rd5 44.Rc4 a5 45.b4 axb4 46.Rxb4 Rxc5 
47.Kxd3 Rb5 48.Rxb5 cxb5 49.Kd4 Kd6 50.b4 f6 51.Ke4 Ke6 52.Kf4 f5 53.Kg5 
Ke5 0-1

[Event "Nordic Schools 2017"]
[Site "?"]
[Date "2017.09.23"]
[Round "2.1"]
[White "Kistrup, Nicolai"]
[Black "Davidsdottir, Nansy"]
[Result "1-0"]
[WhiteElo "2122"]
[BlackElo "1954"]

1.d4 d5 2.c4 c6 3.Nf3 Nf6 4.e3 e6 5.Nc3 Nbd7 6.Bd3 dxc4 7.Bxc4 b5 8.Bd3 
Qc7 9.e4 Be7 10.e5 Nd5 11.Nxd5 cxd5 12.O-O Qb6 13.Bg5 1-0

[Event "Nordic Schools 2017"]
[Site "?"]
[Date "2017.09.23"]
[Round "2.2"]
[White "Davidsson, Joshua"]
[Black "Petersen, Albert Emil Lyng"]
[Result "1/2-1/2"]
[WhiteElo "1414"]
[BlackElo "1668"]

1.e4 c5 2.Nc3 Nc6 3.f4 d6 4.Nf3 e6 5.Bc4 a6 6.a4 Nge7 7.O-O g6 8.d3 Bg7 9.
Qe1 O-O 10.Qh4 Nd4 11.Nxd4 Bxd4+ 12.Kh1 Nc6 13.Qg3 Qf6 14.f5 exf5 15.Nd5 
Qg7 16.Qh4 Re8 17.Bg5 h5 18.Bf6 Bxf6 19.Nxf6+ Kf8 20.Nxe8 Kxe8 21.exf5 
Bxf5 22.Rae1+ Kd7 23.Bd5 f6 24.Bxc6+ Kxc6 25.Qg3 Qf7 26.c4 Re8 27.Rxe8 
Qxe8 28.Re1 Qd8 29.Qf3+ Kc7 30.Re3 Qd7 31.b3 Qf7 32.Qg3 Kc6 33.Qf4 Kc7 34.
d4 b6 35.a5 Qd7 36.axb6+ Kxb6 37.d5 Qd8 38.Qh6 Bc2 39.Re1 Qg8 40.Qd2 Bf5 
41.b4 Qc8 42.bxc5+ Qxc5 43.Qb2+ Kc7 44.Ra1 a5 45.Qc3 Qb4 46.Qe3 Kd7 47.Re1
Qxc4 48.Qe8+ Kc7 49.Re7+ Kb6 50.Qb8+ Kc5 51.Rc7+ Kxd5 52.Rxc4 Kxc4 53.Qxd6
Kb3 54.Qd5+ Kb4 55.Qb7+ Ka3 56.Qe7+ Kb3 57.Qxf6 a4 58.Qa1 a3 59.Kg1 a2 60.
Kf2 Bb1 61.Ke3 Kc2 62.Kf4 Kb3 63.Kg5 Kc4 64.Qb2 Kd5 65.h4 Kc4 66.Qxa2+ 
Bxa2 67.Kxg6 Kd5 68.Kxh5 Ke6 69.Kg6 Bb1+ 70.Kg5 Bd3 71.g4 Be2 72.Kf4 Bxg4 
73.Kxg4 Kf6 1/2-1/2

[Event "Nordic Schools 2017"]
[Site "?"]
[Date "2017.09.23"]
[Round "2.3"]
[White "Van den Brink, Nienke"]
[Black "Gunnlaugsson, Arnor"]
[Result "1-0"]
[WhiteElo "1775"]
[BlackElo "1191"]

1.b3 e5 2.Bb2 Nc6 3.e3 d5 4.Bb5 Bd6 5.Bxc6+ bxc6 6.f4 Qe7 7.Nf3 f6 8.fxe5 
fxe5 9.Nxe5 Bxe5 10.Qh5+ Kd8 11.Qxe5 Nf6 12.O-O Re8 13.Qxe7+ Kxe7 14.Bxf6+
gxf6 15.Nc3 Rg8 16.Rf2 Ba6 17.b4 Rab8 18.a3 Rg6 19.Ne2 Rbg8 20.Nd4 Kd7 21.
Nb3 Bb5 22.Nc5+ Kd6 23.a4 Bc4 24.d3 Bxd3 25.cxd3 a5 26.Nb7+ Kd7 27.Nxa5 h5
28.Rc1 h4 29.Rxc6 h3 30.g3 Rf8 31.Rfc2 Rc8 32.b5 Rg7 33.b6 Kd8 34.b7 1-0

[Event "Nordic Schools 2017"]
[Site "?"]
[Date "2017.09.23"]
[Round "2.4"]
[White "Oskarsson, Anton Breki"]
[Black "Hoyerup, Silas"]
[Result "0-1"]
[WhiteElo "1012"]
[BlackElo "1536"]

1.e4 e5 2.d4 exd4 3.Qxd4 Nc6 4.Qe3 b6 5.Nc3 d6 6.Bb5 Bb7 7.Nge2 a6 8.Bc4 
g6 9.Qf3 Ne5 10.Bxf7+ Nxf7 11.O-O Bg7 12.Nf4 Ne5 13.Qe3 Nf6 14.Ncd5 Nxd5 
15.exd5 Bc8 16.Nd3 O-O 17.h3 Bf5 18.Bd2 Nxd3 19.cxd3 Bxb2 20.Rab1 Qf6 21.
Rfe1 Bd4 22.Qe7 Bxd3 23.Qxf6 Rxf6 24.Rbc1 Bxf2+ 25.Kh2 Bxe1 26.Bxe1 Rf1 
0-1

[Event "Nordic Schools 2017"]
[Site "?"]
[Date "2017.09.23"]
[Round "2.7"]
[White "Luukkonen, Leevi"]
[Black "Heidarsson, Arnar"]
[Result "1-0"]
[WhiteElo "1458"]
[BlackElo "1480"]

1.d4 Nf6 2.c4 e6 3.Nf3 b6 4.g3 Bb7 5.Bg2 Bb4+ 6.Bd2 Bxd2+ 7.Nbxd2 O-O 8.
O-O d5 9.cxd5 Bxd5 10.Qc2 Nbd7 11.e4 Bb7 12.Rfe1 c5 13.e5 Nd5 14.dxc5 Nxc5
15.a3 Rc8 16.Rac1 Ne7 17.Ng5 Bxg2 18.Qxh7# 1-0

[Event "Nordic Schools 2017"]
[Site "?"]
[Date "2017.09.23"]
[Round "2.9"]
[White "Joensson, Jacob"]
[Black "Vestby-Ellingsen, Mads"]
[Result "1-0"]
[WhiteElo "2015"]
[BlackElo "2262"]

1.d4 Nf6 2.c4 c5 3.d5 b5 4.Qc2 bxc4 5.e4 e6 6.Bxc4 exd5 7.exd5 Be7 8.Ne2 
O-O 9.O-O d6 10.b3 Nbd7 11.Bb2 Nb6 12.Nbc3 Nxc4 13.bxc4 Rb8 14.Ng3 Ng4 15.
Rab1 Bf6 16.Nb5 Bxb2 17.Rxb2 a6 18.Na7 Bd7 19.Rfb1 Rxb2 20.Qxb2 Qh4 21.h3 
Ne5 22.Qb6 Nxc4 23.Qxa6 Nd2 24.Rd1 Qd4 25.Qe2 Qa4 26.Rxd2 Qxa7 27.Qe7 Qa5 
28.Rb2 Qa3 29.Rb6 Ba4 30.Qxd6 h6 31.Nf5 Qc1+ 32.Kh2 c4 33.Qg3 Qg5 34.Qxg5 
hxg5 35.Ne7+ Kh7 36.Rb4 Re8 37.d6 Bd7 38.Rxc4 Be6 39.Rd4 Rd8 40.Nc6 Rd7 
41.a4 Kg6 42.a5 Rb7 43.a6 Rb6 44.a7 Ra6 45.d7 Bxd7 46.Rxd7 g4 47.Rd8 g3+ 
48.fxg3 Rxc6 49.a8=Q Re6 50.Qd5 Re1 51.Qd3+ f5 52.Rd6+ Kg5 53.h4+ 1-0

[Event "Nordic Schools 2017"]
[Site "?"]
[Date "2017.09.23"]
[Round "2.10"]
[White "Aglen, Isak Bakli"]
[Black "Sjo, Simon"]
[Result "1-0"]
[WhiteElo "1750"]
[BlackElo "1375"]

1.e4 e5 2.Nf3 Nc6 3.d4 exd4 4.Bc4 Nf6 5.O-O Be7 6.e5 Ng4 7.Re1 O-O 8.h3 
Nh6 9.Bxh6 gxh6 10.Nxd4 Nxd4 11.Qxd4 d6 12.e6 Bxe6 13.Rxe6 fxe6 14.Bxe6+ 
Rf7 15.Nc3 Bf6 16.Bxf7+ Kxf7 17.Qe4 Bxc3 18.bxc3 Kg7 19.Re1 b6 20.Qe7+ Kh8
21.Qf7 Rc8 22.Re7 Qg8 23.Qf6+ 1-0

[Event "Nordic Schools 2017"]
[Site "?"]
[Date "2017.09.23"]
[Round "2.13"]
[White "Davidsson, Oskar Vikingur"]
[Black "Ivarsson, Sebastian"]
[Result "0-1"]
[WhiteElo "1786"]
[BlackElo "1673"]

1.e4 e5 2.Nf3 Nc6 3.Bb5 a6 4.Ba4 Nf6 5.O-O Be7 6.Bxc6 dxc6 7.d3 Nd7 8.Nbd2
O-O 9.Nc4 Bf6 10.b3 Re8 11.Bb2 a5 12.Qe2 b5 13.Ne3 Nb6 14.c4 g6 15.Rfd1 
Qe7 16.Rac1 Bg7 17.Rc2 Ba6 18.Ng4 f6 19.Re1 Rad8 20.d4 h5 21.Ne3 exd4 22.
Nxd4 Qxe4 23.c5 Nd5 24.Nxd5 cxd5 25.Nc6 Qxc2 26.Ne7+ Rxe7 27.Qxe7 Rf8 28.
Qe6+ Kh7 29.Qxa6 Qxb2 30.Qxa5 d4 31.Qxb5 Qd2 32.Re7 Qd1+ 33.Qf1 Qxf1+ 34.
Kxf1 Ra8 35.Rxc7 Rxa2 36.Rd7 Rc2 37.Rxd4 Rxc5 38.Rb4 f5 39.Ke2 Rc2+ 40.Kf3
Rb2 41.h3 Bc3 42.Rb7+ Kh6 43.g4 Bd4 44.gxf5 gxf5 45.Rf7 Kg6 46.Rf8 Rxb3+ 
47.Kf4 Rxh3 48.Rxf5 Rh4+ 0-1

[Event "Nordic Schools 2017"]
[Site "?"]
[Date "2017.09.23"]
[Round "2.14"]
[White "Dingertz, Erik"]
[Black "Davidsson, Stefan Orri"]
[Result "1-0"]
[WhiteElo "1606"]
[BlackElo "1407"]

1.e4 c5 2.c3 d5 3.exd5 Qxd5 4.d4 Nc6 5.Nf3 Bf5 6.Bd3 Bxd3 7.Qxd3 O-O-O 8.
O-O cxd4 9.cxd4 Nxd4 10.Nxd4 Qxd4 11.Qf5+ Rd7 12.Qxf7 Nf6 13.Nc3 e5 14.Qb3
Kb8 15.Be3 Qb4 16.Qxb4 Bxb4 17.Rac1 Rhd8 18.a3 Bxc3 19.Rxc3 Nd5 20.Rd3 
Nxe3 21.Rxe3 Re8 22.Rfe1 Rde7 23.Re4 Kc7 24.g3 Kd6 25.Kf1 Rc8 26.Rd1+ Ke6 
27.f4 Kf6 28.fxe5+ Rxe5 29.Rd6+ Ke7 30.Rxe5+ Kxd6 31.Rb5 Rc7 32.Kg2 a6 33.
Rb4 Ke6 34.Kf3 g5 35.Kg4 Rg7 36.Rb6+ Ke5 37.Rb3 Kf6 38.Rd3 Ke5 39.Rf3 Ke6 
40.Kh5 Rg6 41.Rf8 Rg7 42.Kh6 Rd7 43.Kxg5 Rd2 44.b4 Rxh2 45.a4 Rb2 46.Rf6+ 
Kd5 47.Rf4 Ra2 48.a5 Rg2 49.g4 Ke5 50.Rf5+ Ke6 51.Rf6+ Ke5 52.Rh6 Rb2 53.
Rb6 Kd5 54.Rxb7 Kc4 55.Rb6 Rxb4 56.Rxb4+ Kxb4 57.Kh6 Kxa5 58.Kxh7 Kb4 59.
g5 a5 60.g6 a4 61.g7 Kc3 62.g8=Q Kb2 63.Qb8+ Ka2 64.Qb5 a3 65.Qb4 Ka1 1-0

[Event "Nordic Schools 2017"]
[Site "?"]
[Date "2017.09.23"]
[Round "2.15"]
[White "Gunnarsson, Baltasar Mani"]
[Black "Nord, Gabriel"]
[Result "1-0"]
[WhiteElo "1222"]
[BlackElo "1600"]

1.e4 e5 2.Nf3 Nc6 3.Bc4 Bc5 4.Nc3 d6 5.h3 Nf6 6.O-O Be6 7.Bxe6 fxe6 8.d3 
h6 9.a3 a6 10.Ne2 O-O 11.Ng3 d5 12.Qe2 Re8 13.Rd1 Qd7 14.Nxe5 Nxe5 15.d4 
Bxd4 16.Rxd4 c5 17.Rd1 Nc6 18.e5 Nh7 19.f4 Nf8 20.Qg4 Kh7 21.c3 Ng6 22.Rf1
Rf8 23.Bd2 Rf7 24.Rf3 Raf8 25.Raf1 Qe7 26.Re1 b5 27.Rf2 Ngxe5 28.Qe2 Nd8 
29.Qxe5 Qh4 30.Qe3 g5 31.Ref1 gxf4 32.Rxf4 Rxf4 33.Rxf4 Rxf4 34.Qxf4 Qxf4 
35.Bxf4 Nc6 36.Ne2 e5 37.Be3 d4 38.cxd4 exd4 39.Bc1 Na5 40.Kf1 Nb3 41.Bf4 
d3 42.Nc3 c4 43.Ke1 Nd4 44.Kd2 a5 45.Ke3 Nc2+ 46.Kd2 b4 47.axb4 axb4 48.
Nd5 Kg6 49.Ne3 Nd4 50.Nxc4 Kf5 51.Kxd3 Kxf4 52.Kxd4 Kg3 53.Ne3 1-0

[Event "Nordic Schools 2017"]
[Site "?"]
[Date "2017.09.23"]
[Round "2.16"]
[White "Tankrid Lingen, Dhani"]
[Black "Steinthorsson, Birgir Logi"]
[Result "0-1"]
[WhiteElo "1243"]
[BlackElo "1024"]

1.e4 e5 2.Nf3 Nc6 3.Bc4 Bc5 4.c3 Nf6 5.d4 exd4 6.cxd4 Bb4+ 7.Bd2 Bxd2+ 8.
Nbxd2 d6 9.O-O Bg4 10.Bb5 O-O 11.Bxc6 bxc6 12.h3 Bxf3 13.Qxf3 Rb8 14.b3 
Rb4 15.Qc3 c5 16.dxc5 dxc5 17.Rfe1 Re8 18.f3 Qd4+ 19.Qxd4 Rxd4 20.Rad1 
Red8 21.Re2 Nh5 22.Kf1 Ng3+ 23.Kf2 Nxe2 24.Kxe2 R8d6 25.Ke1 Ra6 26.a4 Rb6 
27.Ke2 Rg6 28.g4 Rh6 29.Rh1 g6 30.Ke3 f5 31.b4 Rxb4 32.Rc1 fxe4 33.Nxe4 
Rxh3 34.Rxc5 Rb3+ 35.Kd4 Rhxf3 36.Rxc7 Rb4+ 37.Kd5 Rxa4 38.Rc8+ Kg7 39.
Rc7+ Rf7 40.Rc6 Ra5+ 41.Kd4 Rf4 42.Rc7+ Kh6 43.g5+ Kh5 44.Rxh7+ Kg4 45.Re7
Ra4+ 46.Kd5 Raxe4 47.Rxe4 Rxe4 48.Kxe4 Kxg5 49.Kd5 Kf4 50.Kc6 g5 51.Kb7 g4
52.Kxa7 g3 53.Kb6 g2 54.Kc5 g1=Q+ 55.Kc6 Qd4 56.Kb5 Qc3 57.Kb6 Qc4 58.Kb7 
Ke5 59.Kb8 Qc6 60.Ka7 Qb5 61.Ka8 Kd6 62.Ka7 Kc7 63.Ka8 Qb7# 0-1

[Event "Nordic Schools 2017"]
[Site "?"]
[Date "2017.09.23"]
[Round "2.17"]
[White "Luu, Robert"]
[Black "Mansoor, Afras"]
[Result "1/2-1/2"]
[WhiteElo "1704"]
[BlackElo "1963"]

1.d4 Nf6 2.Nf3 g6 3.Bg5 Bg7 4.Nbd2 d6 5.c3 O-O 6.e3 Nc6 7.Be2 h6 8.Bh4 e5 
9.dxe5 dxe5 10.Bxf6 Qxf6 11.Ne4 Qe7 12.O-O Be6 13.b4 a5 14.a3 b6 15.b5 Nb8
16.a4 Nd7 17.Qc2 Nc5 18.Nxc5 Qxc5 19.Rfd1 Rad8 20.h3 f5 21.Rxd8 Rxd8 22.
Rd1 Rxd1+ 23.Bxd1 Kf7 24.Qd2 Qc4 25.Qc2 Qa2 26.Qxa2 Bxa2 27.Kf1 Ke6 28.Ke1
Bf6 29.Kd2 Kd5 30.Kc2 Kc5 31.Be2 Bd5 32.Kd2 Bb3 33.Bd1 Kc4 34.Be2+ Kc5 35.
Bd1 Bd5 36.Kc2 g5 37.Kd2 c6 38.bxc6 Kxc6 39.Be2 Kc5 40.Kc2 Bc6 41.Kb3 Bg7 
42.Ne1 Bf6 43.Nd3+ Kd6 44.Ne1 Bd5+ 45.Kc2 e4 46.Kb2 Kc5 47.Kc2 Bc4 48.Bd1 
Bf1 49.Kb2 Bc4 50.Kc2 b5 51.axb5 Bxb5 52.Kb2 a4 1/2-1/2

[Event "Nordic Schools 2017"]
[Site "?"]
[Date "2017.09.23"]
[Round "3.1"]
[White "Vestby-Ellingsen, Mads"]
[Black "Kistrup, Nicolai"]
[Result "1-0"]
[WhiteElo "2262"]
[BlackElo "2122"]

1.d4 Nf6 2.c4 e6 3.Nf3 b6 4.e3 Bb7 5.Bd3 c5 6.O-O d5 7.cxd5 exd5 8.Ne5 
Nbd7 9.f4 Bd6 10.Nc3 O-O 11.Qf3 cxd4 12.exd4 Bb4 13.Qh3 Nxe5 14.fxe5 Ne4 
15.Rf4 Bxc3 16.bxc3 Qc8 17.Qxc8 Raxc8 18.c4 Nc3 19.Rh4 h6 20.Ba3 Rfd8 21.
c5 1-0

[Event "Nordic Schools 2017"]
[Site "?"]
[Date "2017.09.23"]
[Round "3.2"]
[White "Petersen, Albert Emil Lyng"]
[Black "Lund, Gunnar"]
[Result "0-1"]
[WhiteElo "1668"]
[BlackElo "2244"]

1.e4 e5 2.Nf3 Nc6 3.Bc4 Nf6 4.d3 Be7 5.O-O O-O 6.Nc3 d6 7.Be3 Na5 8.Nd2 c6
9.Ne2 Ng4 10.Ng3 d5 11.exd5 cxd5 12.Bxd5 Qxd5 13.Nde4 Nc6 14.h3 Nxe3 15.
fxe3 f5 16.Nc3 Qc5 17.Re1 Bg5 18.Nf1 Be6 19.Kh1 b5 20.a3 Rae8 21.Qh5 Bf6 
22.Ng3 g6 23.Qh6 Qe7 24.e4 Bg5 0-1

[Event "Nordic Schools 2017"]
[Site "?"]
[Date "2017.09.23"]
[Round "3.3"]
[White "Aglen, Isak Bakli"]
[Black "Van den Brink, Nienke"]
[Result "0-1"]
[WhiteElo "1750"]
[BlackElo "1775"]

1.e4 e6 2.d4 d5 3.Nc3 dxe4 4.Nxe4 Nd7 5.Nf3 Ngf6 6.Nxf6+ Nxf6 7.Bg5 Be7 8.
Bd3 h6 9.Bxf6 Bxf6 10.O-O O-O 11.c3 c6 12.Ne5 Qc7 13.Qh5 Rd8 14.Rad1 b6 
15.Ng4 Qf4 16.g3 Qg5 17.Qxg5 Bxg5 18.f4 Be7 19.Ne5 Bb7 20.Be4 Rac8 21.f5 
exf5 22.Rxf5 f6 23.Ng6 Bd6 24.Re1 Re8 25.Rff1 Ba6 26.Rf3 Bc4 27.b3 Bf7 28.
Rfe3 Rxe4 29.Rxe4 Bxg6 30.Re6 Bf8 31.c4 Bf7 32.R6e4 Rd8 33.Rd1 Bb4 34.g4 
h5 35.h3 hxg4 36.hxg4 Kf8 37.Kf2 Re8 38.Rxe8+ Kxe8 39.Ke3 Be6 40.Kf3 Kd7 
41.a3 Bd6 42.a4 Bb4 43.Rh1 Bf8 44.Rh8 Ke7 45.Rh5 Bf7 46.Rh8 Be6 47.Rh5 Bf7
48.Rh8 a5 49.Kg3 Bg6 50.Kf2 Bc2 51.Rh3 Bd1 52.Re3+ Kf7 53.Kg3 Bd6+ 54.Kh3 
Bc2 55.Rf3 g5 56.c5 bxc5 57.dxc5 Bf4 58.Rc3 Bd1 59.Kg2 Bxg4 60.Rd3 Be6 61.
b4 axb4 62.a5 Bd5+ 63.Rxd5 cxd5 64.a6 Bb8 65.c6 b3 66.c7 Bxc7 67.a7 b2 68.
a8=Q b1=Q 69.Qxd5+ Ke7 70.Qc6 Qb2+ 71.Kf1 Qe5 72.Qc2 Qf4+ 0-1

[Event "Nordic Schools 2017"]
[Site "?"]
[Date "2017.09.23"]
[Round "3.4"]
[White "Hoyerup, Silas"]
[Black "Halvorsen, Benjamin"]
[Result "1/2-1/2"]
[WhiteElo "1536"]
[BlackElo "1670"]

1.d4 e6 2.e3 f5 3.f4 Nf6 4.Nf3 d5 5.Nbd2 Bd6 6.Bd3 O-O 7.O-O b6 8.b3 Ba6 
9.Bb2 Bxd3 10.cxd3 Nc6 11.Qe2 Qe8 12.Ne5 Bxe5 13.dxe5 Nd7 14.d4 Ne7 15.
Rac1 c5 16.Nf3 h6 17.Ba3 Rc8 18.dxc5 bxc5 19.Qb5 Nxe5 20.Qxe8 Nxf3+ 21.
Rxf3 Rfxe8 22.Rxc5 Rxc5 23.Bxc5 Nc6 24.b4 Rb8 25.a3 a5 26.bxa5 Nxa5 27.Rf1
Nc4 28.Ra1 Rb3 29.a4 Nxe3 30.a5 Nc2 31.Ra2 Nb4 32.a6 Nd3 33.Ra1 Rb8 34.a7 
Ra8 35.Rb1 Rxa7 36.Bxa7 Nxf4 37.Re1 Kf7 38.Bb8 Nd3 39.Re3 Nb2 40.Rg3 Kf6 
41.Ba7 e5 42.Bc5 d4 43.Rb3 Nc4 44.Bxd4 exd4 45.Rb4 Nd2 46.Rxd4 Ne4 47.Kf1 
Ke5 48.Rd7 Kf6 49.g3 g5 50.Ke2 g4 51.Rd8 1/2-1/2

[Event "Nordic Schools 2017"]
[Site "?"]
[Date "2017.09.23"]
[Round "3.5"]
[White "Stefansson, Vignir Vatnar"]
[Black "Joensson, Jacob"]
[Result "1-0"]
[WhiteElo "2312"]
[BlackElo "2015"]

1.e4 e6 2.d4 d5 3.Nc3 Nf6 4.Bg5 Be7 5.e5 Nfd7 6.Bxe7 Qxe7 7.Qd2 a6 8.Nd1 
c5 9.c3 Nc6 10.f4 b5 11.Nf3 O-O 12.Bd3 cxd4 13.cxd4 b4 14.Bxh7+ Kxh7 15.
Qc2+ g6 16.Qxc6 a5 17.Qxa8 Nb6 18.Qc6 1-0

[Event "Nordic Schools 2017"]
[Site "?"]
[Date "2017.09.23"]
[Round "3.6"]
[White "Sjo, Simon"]
[Black "Briem, Stephan"]
[Result "0-1"]
[WhiteElo "1375"]
[BlackElo "1905"]

1.d4 Nf6 2.c4 c5 3.d5 b5 4.b3 bxc4 5.bxc4 Na6 6.Nc3 g6 7.Nf3 Bg7 8.Bd2 O-O
9.Rc1 d6 10.e4 Bg4 11.Be2 Nd7 12.h3 Bxf3 13.Bxf3 Ne5 14.Be2 Nb4 15.a3 
Nbd3+ 16.Kf1 Nxc1 17.Qxc1 0-1

[Event "Nordic Schools 2017"]
[Site "?"]
[Date "2017.09.23"]
[Round "3.9"]
[White "Davidsdottir, Nansy"]
[Black "Takala, Jaakko"]
[Result "1-0"]
[WhiteElo "1954"]
[BlackElo "1734"]

1.e4 e6 2.d4 d5 3.exd5 exd5 4.Bd3 Nc6 5.c3 Bd6 6.Nf3 Nf6 7.O-O O-O 8.Bg5 
Bg4 9.Nbd2 b6 10.Qa4 Nb8 11.Ne5 Bd7 12.Qc2 h6 13.Bh4 c6 14.Rfe1 Re8 15.
Bh7+ Kf8 16.f4 c5 17.dxc5 Bxc5+ 18.Kh1 Be7 19.Ndf3 Nc6 20.Rad1 Nxe5 21.
Nxe5 Bg4 22.Rc1 Qd6 23.Bxf6 Bxf6 24.Nxg4 Qxf4 25.Nxf6 Qxf6 26.Bf5 g6 27.
Bd3 Rac8 28.Rf1 1-0

[Event "Nordic Schools 2017"]
[Site "?"]
[Date "2017.09.23"]
[Round "3.11"]
[White "Gunnlaugsson, Arnor"]
[Black "Luukkonen, Leevi"]
[Result "1-0"]
[WhiteElo "1191"]
[BlackElo "1458"]

1.e4 c5 2.Nf3 d6 3.d4 cxd4 4.Nxd4 Nc6 5.Nc3 g6 6.Be3 Bg7 7.Bc4 Nf6 8.O-O 
O-O 9.f4 Nxd4 10.Bxd4 Re8 11.h3 e5 12.fxe5 dxe5 13.Be3 b6 14.Bg5 h6 15.
Bxf6 Qxd1 16.Raxd1 Bxf6 17.Rxf6 Rf8 18.Rxg6+ Kh7 19.Rg3 Bb7 20.Rf1 f6 21.
Bd5 Bxd5 22.Nxd5 Rac8 23.Nxf6+ Rxf6 24.Rxf6 Rxc2 25.Rf2 Rc7 26.Rf5 Re7 27.
h4 a6 28.h5 Re6 29.Rg6 Rxg6 30.hxg6+ Kxg6 31.Rxe5 Kf6 32.Rd5 1-0

[Event "Nordic Schools 2017"]
[Site "?"]
[Date "2017.09.23"]
[Round "3.13"]
[White "Lehtinen, Justus"]
[Black "Davidsson, Oskar Vikingur"]
[Result "0-1"]
[WhiteElo "1424"]
[BlackElo "1786"]

1.e4 c5 2.Nf3 e6 3.d4 cxd4 4.Nxd4 Nc6 5.Nc3 Qc7 6.Be2 a6 7.O-O Nf6 8.Re1 
b5 9.a3 Bb7 10.Bg5 Be7 11.Nxc6 dxc6 12.Bf3 O-O 13.e5 Nd5 14.Nxd5 cxd5 15.
Bxe7 Qxe7 16.Qd4 Rac8 17.Rac1 Rc4 18.Qd3 Rfc8 19.Qd2 Qc7 20.c3 h6 21.Be2 
Rc5 22.Bd3 a5 23.Rc2 b4 24.axb4 axb4 25.Re3 d4 26.Rg3 dxc3 27.Qxh6 Qxe5 
28.Qh7+ Kf8 29.Qh8+ Ke7 30.Qh4+ g5 31.Qxb4 Qe1+ 32.Bf1 Ba6 33.h3 Qxf1+ 34.
Kh2 Qb5 35.Qxb5 Bxb5 36.Rgxc3 Rxc3 37.Rxc3 Rxc3 38.bxc3 f5 39.Kg3 Kf6 40.
f4 gxf4+ 41.Kxf4 e5+ 42.Kf3 Bc6+ 43.Kf2 Bd5 44.g3 Kg5 45.Ke3 Bc4 46.Kf3 
Bf1 47.h4+ Kh5 48.Kf2 Bc4 49.Kf3 Bb5 50.Kf2 Kg4 51.Kg2 Bc6+ 52.Kf2 Bd5 53.
Kf1 e4 54.Kf2 Bf7 55.Ke3 Kxg3 56.h5 Bxh5 57.c4 Bf7 58.c5 Bd5 59.Kd4 Ba8 
60.Ke3 f4+ 61.Ke2 f3+ 62.Kf1 f2 63.c6 Bxc6 64.Ke2 Bb5+ 0-1

[Event "Nordic Schools 2017"]
[Site "?"]
[Date "2017.09.23"]
[Round "3.14"]
[White "Davidsson, Stefan Orri"]
[Black "Irjala, Arttu"]
[Result "1-0"]
[WhiteElo "1407"]
[BlackElo "1296"]

1.e4 c5 2.Nf3 Nf6 3.e5 Nd5 4.d4 b6 5.dxc5 bxc5 6.Qxd5 Nc6 7.Bc4 e6 8.Qd1 
Be7 9.Nc3 O-O 10.Be3 Rb8 11.b3 Qa5 12.Qd2 Bb7 13.Na4 Nb4 14.c3 Nc6 15.Nb2 
Nxe5 16.Nxe5 Bf6 17.b4 Qa3 18.Bb3 Bxe5 19.Nc4 cxb4 20.Nxa3 Bxc3 21.Qxc3 
bxc3 22.Rc1 Rfc8 23.Bd4 Bxg2 24.Rg1 Bd5 25.Bxg7 Rb7 26.Be5+ Kf8 27.Bd6+ 
1-0

[Event "Nordic Schools 2017"]
[Site "?"]
[Date "2017.09.23"]
[Round "3.15"]
[White "Irjala, Atte"]
[Black "Gunnarsson, Baltasar Mani"]
[Result "1-0"]
[WhiteElo "1292"]
[BlackElo "1222"]

1.e4 e5 2.Nf3 Nc6 3.Bc4 Bc5 4.O-O d6 5.d3 Bg4 6.h3 Bh5 7.Nc3 Nd4 8.Bg5 f6 
9.Be3 Nxf3+ 10.gxf3 Bxe3 11.fxe3 Ne7 12.Nd5 Nc6 13.Nc3 a6 14.d4 Qd7 15.Kh2
O-O-O 16.d5 Ne7 17.Be2 g5 18.f4 Bf7 19.fxg5 Ng6 20.Bg4 Qxg4 21.Qxg4+ Kb8 
22.Rxf6 1-0

[Event "Nordic Schools 2017"]
[Site "?"]
[Date "2017.09.23"]
[Round "3.16"]
[White "Steinthorsson, Birgir Logi"]
[Black "Kokkonen, Lassi"]
[Result "1-0"]
[WhiteElo "1024"]
[BlackElo "1211"]

1.e4 e5 2.Nf3 Nc6 3.d4 exd4 4.Nxd4 Nxd4 5.Qxd4 Nf6 6.Nc3 Qe7 7.Bf4 Qb4 8.
O-O-O Qxd4 9.Rxd4 Bc5 10.Rd2 d6 11.Nb5 Bb6 12.e5 Nh5 13.Bg5 h6 14.exd6 
hxg5 15.Nxc7+ Bxc7 16.dxc7 O-O 17.Be2 Nf4 18.Bf3 Ne6 19.h4 g4 20.Bxg4 Nxc7
21.Bf3 Be6 22.h5 Bxa2 23.b3 Rfd8 24.Rhd1 Rxd2 25.Rxd2 Rb8 26.Kb2 Bxb3 27.
cxb3 Ne6 28.g4 b5 29.Ka3 a5 30.Rd5 Kh7 31.Be2 Nc7 32.Rd7 Re8 33.Bd3+ Kh6 
34.Rxc7 f6 35.Bxb5 Re4 36.f3 Rf4 37.Be2 Rd4 38.Ra7 Rd2 39.Bc4 Rf2 40.Bd5 
Rd2 41.Rxa5 g6 42.hxg6 Kxg6 43.Be4+ Kg7 44.b4 Rd1 45.Kb3 Rd4 46.b5 f5 47.
gxf5 Kf6 48.b6 Rd6 49.b7 Rb6+ 50.Ka4 Ke7 51.Ra8 Kf6 52.b8=Q Rxb8 53.Rxb8 
Ke5 54.Re8+ Kf6 55.f4 Kf7 56.Re6 Kg7 57.f6+ Kf7 58.Bf5 Kf8 59.Re7 Kg8 60.
Kb4 Kf8 61.Kc5 Kg8 62.f7+ Kg7 63.f8=Q+ Kxf8 64.Ra7 Ke8 65.Kd6 Kf8 66.Ke6 
Kg8 67.Kf6 Kh8 68.Kg6 Kg8 69.Ra8# 1-0

[Event "Nordic Schools 2017"]
[Site "?"]
[Date "2017.09.23"]
[Round "3.17"]
[White "Mansoor, Afras"]
[Black "Trier, Oliver"]
[Result "1-0"]
[WhiteElo "1963"]
[BlackElo "1558"]

1.d4 Nf6 2.Bg5 b6 3.Bxf6 gxf6 4.c4 Bb7 5.Nc3 e5 6.d5 Bb4 7.Qc2 Qe7 8.e4 
Na6 9.Bd3 Rg8 10.g3 O-O-O 11.Nf3 f5 12.exf5 Nc5 13.Be4 Ba6 14.Nd2 h5 15.a3
Bxc3 16.Qxc3 h4 17.O-O-O hxg3 18.fxg3 Rg4 19.Qc2 Qg5 20.Kb1 Nxe4 21.Nxe4 
Qxf5 22.Nd6+ 1-0

[Event "Nordic Schools 2017"]
[Site "?"]
[Date "2017.09.23"]
[Round "3.18"]
[White "Brodsgaard, Tobias"]
[Black "Ronnestad, Liam Jansson"]
[Result "1-0"]
[WhiteElo "1541"]
[BlackElo "1568"]

1.d4 Nf6 2.e3 d5 3.Bd3 e6 4.f4 c5 5.c3 Nc6 6.Nf3 Bd6 7.Nbd2 O-O 8.O-O b6 
9.Ne5 Bb7 10.Rf3 Ne7 11.Qe1 Ng6 12.Rh3 Qe7 13.Ndf3 Rac8 14.Nxg6 fxg6 15.
Qh4 Nh5 16.Ng5 cxd4 17.exd4 h6 18.Nf3 Qxh4 19.Rxh4 1-0

[Event "Nordic Schools 2017"]
[Site "?"]
[Date "2017.09.23"]
[Round "3.19"]
[White "Hina, Ariza"]
[Black "Erikstrup, Malte Dreves"]
[Result "1-0"]
[WhiteElo "1515"]
[BlackElo "1098"]

1.e4 e5 2.Nc3 Nc6 3.Bc4 Nf6 4.d3 Bb4 5.Nf3 d6 6.a3 Bxc3+ 7.bxc3 Bg4 8.h3 
Bh5 9.Rb1 O-O 10.Bg5 b6 11.Bxf6 Qxf6 12.Bd5 Ne7 13.Bxa8 Rxa8 14.g4 Bg6 15.
h4 h5 16.g5 Qf4 17.Nd2 d5 18.f3 Qe3+ 19.Qe2 Qf4 20.Nf1 dxe4 21.fxe4 Nc6 
22.Qe3 Qxe3+ 23.Nxe3 f6 24.gxf6 gxf6 25.Nd5 Rc8 26.Nxf6+ Kg7 27.Nd5 Bf7 
28.Rg1+ Kh6 29.Rg5 Bxd5 30.exd5 Ne7 31.Rxe5 Re8 32.Kd2 Kg6 33.Rbe1 Kf6 34.
Rxh5 1-0

[Event "Nordic Schools 2017"]
[Site "?"]
[Date "2017.09.24"]
[Round "4.1"]
[White "Kistrup, Nicolai"]
[Black "Takala, Jaakko"]
[Result "1-0"]
[WhiteElo "2122"]
[BlackElo "1734"]

1.d4 e6 2.c4 Nf6 3.Nf3 b6 4.g3 Bb7 5.Bg2 d5 6.cxd5 exd5 7.O-O Bd6 8.Nc3 c6
9.Nh4 O-O 10.f3 Nh5 11.Nf5 Bc7 12.e4 g6 13.Ne3 Ba6 14.Rf2 Nxg3 15.hxg3 
Bxg3 16.Rc2 Qh4 17.Nf1 Re8 18.Nxg3 Qxg3 19.Be3 Nd7 20.Ne2 Bxe2 21.Qxe2 
dxe4 22.Bf2 Qf4 23.fxe4 Nf6 24.e5 Ng4 25.Qf3 Qxf3 26.Bxf3 Nxf2 27.Kxf2 
Rad8 28.Bxc6 Re7 29.Ke3 f6 30.Ke4 f5+ 31.Ke3 f4+ 32.Ke4 g5 33.d5 f3 34.Rg1
h6 35.Rf2 Rf7 36.Rxf3 Rxf3 37.Kxf3 Rf8+ 38.Ke3 1-0